Responses for Show #2803 - Wednesday, November 6, 1996

Contestants

[<< previous game]

Meridith Patera, an educator and writer from Moorpark, California

Marv Macintyre, a development director from Nashua, New Hampshire

Alice Rote, a high school teacher from Doylestown, Ohio (whose 2-day cash winnings total $22,800)

[next game >>]

Jeopardy! Round responses

THE JACKIE AUCTION
WORLD CITIES
TELEVISION
CARNIVORES
BUSINESS & INDUSTRY
ENDS IN "FF"
    $100 26
Joan Rivers

Alice
    $100 6
Cairo

Marv
    $100 21
Friends

Marv
    $100 16
an alligator

Alice
    $100 11
Quaker Oats

Marv
    $100 1
a cuff

Alice
    $200 27
pearls

Marv
    $200 7
Bogota

Alice
    $200 22
the Tool Time girl

Alice
    $200 17
a bear

Marv
    $200 12
Levi Strauss

Triple Stumper
    $200 2
(Marv: What's a clef?)

a staff

AliceMarv
    $300 28
a rocking chair

Meridith
    $300 8
Glasgow

Marv
    $300 23
NYPD Blue

Marv
    $300 18
a shark

Marv
    $300 13
IBM (Big Blue)

Marv
    $300 3
Boris Karloff

Meridith
    $400 29
Arnold Schwarzenegger

Meridith
    $400 9
Antwerp

Alice
    $400 24
(Alex: With three kids, you're expected to know that.)

Nickelodeon

Meridith
    $400 19
(Alice: What is gazelle?)

the cheetah

AliceMarv
    $400 14
Volvo

Marv
    $400 4
the plaintiff

Marv
    $500 30
(Alex: A sterling silver Tiffany [*].)

a tape measure

Marv
    $500 10
(Meridith: What is Wellington?)

Auckland

MarvMeridith
    $500 25
Jennie Garth

Meridith
    $500 20
a walrus

Marv
    $500 15
Jiffy Lube

Marv
    $500 5
Banff

Marv

Scores at the first commercial break (after clue 15):

Alice Marv Meridith
$900 $2,900 -$200

Scores at the end of the Jeopardy! Round:

Alice Marv Meridith
$900 $5,400 $1,400

Double Jeopardy! Round responses

THE OLD TESTAMENT
ACTORS ONSTAGE
LANGUAGES
ANATOMIC TISSUES
HISTORIC NAMES
20th CENTURY LITERARY CHARACTERS
    $200 1
(Alice: Who is David?)

Solomon

AliceMarv
    $200 7
Camelot

Marv
    $200 12
Chinese

Alice
    $200 17
the heart

Alice
    $200 2
Mussolini

Meridith
    $200 19
2001

Marv
    $1,000 3
(Meridith: Uh, what are an eye and, uh,... leg? Limb?)

(2 of) an eye, a tooth, a hand & a foot

Meridith
    $400 26
(Michael) Crawford

Marv
    $400 13
Greek

Alice
    $400 18
blood

Alice
    $400 8
(Meridith: Who is Socrates?)

Aristotle

MarvMeridith
    $400 22
(Marv: What is Black Like Me?)

Less Than Zero

Marv
Triple Stumper
    $600 4
Esther

Meridith
    $600 14
Afrikaans

Marv
    $600 20
cartilage

Marv
    $600 9
(Meridith: Who is Peter the Great?)

Frederick the Great

Meridith
Triple Stumper
    $600 23
(Alice: Who is McMurtry?)

(Tom) Robbins

AliceMeridith
    $800 5
the Judges

Meridith
    $800 15
(Alice: What is Basque?)

Catalan

Alice
Triple Stumper
    $800 21
bone

Alice
    $800 10
Cornwallis

Marv
    $1,000 24
(Alex: [Prior to the wager] We have about a minute left in the round, Meridith.)

The Joy Luck Club

Meridith
    $1000 6
(Marv: Who is Joshua?)

Gideon

MarvMeridith
    $1000 16
Quechua

Triple Stumper
    $1000 27
[The end-of-round signal sounds.]

smooth

Alice
    $1000 11
Emma Hamilton (the Lady Hamilton)

Triple Stumper
    $1000 25
(Umberto) Eco

Meridith

Scores at the end of the Double Jeopardy! Round:

Alice Marv Meridith
$2,300 $7,400 $4,600

[wagering suggestions for these scores]

Final Jeopardy! Round responses

EUROPEAN COUNTRIES
AliceWhat is Portugal?
$2,000
MeridithWhat is Portugal?
$4,595
MarvWhat is Portugal
$2,000
Portugal

Final scores:

Alice Marv Meridith
$4,300 $9,400 $9,195
3rd place: Wittnauer watches + Jeopardy! electronic game New champion: $9,400 2nd place: Bose home theater system & Busch home theater cabinet in pine finish + Jeopardy! electronic game

Game dynamics:

Coryat scores:

Alice Marv Meridith
$2,300 $7,400 $5,400
13 R,
4 W
25 R,
3 W
12 R
(including 2 DDs),
4 W
(including 1 DD)

Combined Coryat: $15,100

[game clues] [game scores] [suggest correction]

Game tape date: 1996-09-04
The J! Archive is created by fans, for fans. Scraping, republication, monetization, and malicious use prohibited; this site may use cookies and collect identifying information. See terms. The Jeopardy! game show and all elements thereof, including but not limited to copyright and trademark thereto, are the property of Jeopardy Productions, Inc. and are protected under law. This website is not affiliated with, sponsored by, or operated by Jeopardy Productions, Inc. Join the discussion at JBoard.tv.